000 00481nam a2200169Ia 4500
005 20250508151428.0
008 008 250505s9999 xx 000 0 eng d
037 _aTextual
040 _aFEDL
_beng
_cFEDL
041 _aeng
_2eng
084 _a371.4, HIN
_qFEDL
245 0 _aHindustani talimi sangh : Second annual report
300 _a16p.
650 _aEducational - Guidance and Counciling
_9757691
942 _cTEXL
_h371.4, HIN
999 _c1329722
_d1329722